| 000 | 00596nam a22001937a 4500 | ||
|---|---|---|---|
| 005 | 20251108165425.0 | ||
| 008 | 250721s1987 xx 000 0 ara d | ||
| 082 | 1 | 4 | _a658/جشي |
| 100 | 1 | _aجشي، جميل | |
| 245 | 1 | 0 | _aالتقنية الإدارية في مشاريع التنمية الإنشائية / |
| 264 | 1 |
_aجدة : _bتهامة، _c1987. |
|
| 300 | _a213ص | ||
| 490 | 0 | _aالكتاب العربي السعودي؛115 | |
| 650 | 1 | 7 | _aالإدارة |
| 650 | 1 | 7 | _aإتخاد القرارات |
| 650 | 1 | 7 | _aتقنيات الإدارة |
| 942 |
_2ddc _cBK |
||
| 999 |
_c27572 _d27572 |
||